| 000 | 00848nam a2200241Ia 4500 | ||
|---|---|---|---|
| 003 | GCL | ||
| 008 | 140319s9999 xx 000 0 ara d | ||
| 040 |
_aGCL / _cGCL |
||
| 082 | 0 | 4 |
_a341.69 _bم ش |
| 100 | 1 | _aمركز البحوث والدراسات الكويتية | |
| 245 | 1 | 0 |
_aشهادات من اقبيبة السجون العراقية : رسالة الى ضمير الانسانية / _cمركز البحوث والدراسات الكويتية |
| 300 | _a196 ص | ||
| 490 | _a | ||
| 650 | 0 | 4 | _aالكويت |
| 650 | 0 | 4 | _aالحقوق السياسية |
| 650 | 0 | 4 | _aالقانون الدولى |
| 650 | 0 | 4 | _aحقوق الانسان |
| 650 | 0 | 4 | _aحرب الخليج |
| 650 | 0 | 4 | _aالجرائم الدولية |
| 650 | 0 | 4 | _aالاحتلال العراقى (1990 - 1991) |
| 650 | 0 | 4 | _aجرائم الحرب |
| 942 |
_2ddc _cBK |
||
| 999 |
_c46658 _d46658 |
||